000 00501nam a22001697a 4500
005 20251108171153.0
008 250721s9999 xx 000 0 ara d
082 1 4 _aط/612.1/احم
100 1 _aيونس، أحمد السعيد
245 1 0 _aالجهاز الدوري /
264 1 _aبيروت :
_bدار الفكر العربي،
300 _a23ص : مص
490 0 _aسلسلة المعرفة الطبية للناشئة ، 2
650 1 7 _aالدم
942 _2ddc
_cBK
999 _c58416
_d58416